Places To Study

There are group study rooms, individual study carrels, computer labs, and other spaces to study in the Libraries.

Reserve A Group Room

Online Resources

Access thousands of eBooks, audiobooks, and online journals from the comfort of your home.

Explore Resources

Events and Workshops

Join our upcoming events and workshops to enhance your skills and knowledge.

View Events

သင်နည်းသစ်အဘိဓမ္မာ၊ (Record no. 2718)

MARC details
000 -LEADER
fixed length control field 01131nam a22001937a 4500
003 - CONTROL NUMBER IDENTIFIER
control field OSt
005 - DATE AND TIME OF LATEST TRANSACTION
control field 20251215153427.0
008 - FIXED-LENGTH DATA ELEMENTS--GENERAL INFORMATION
fixed length control field 251215b |||||||| |||| 00| 0 eng d
040 ## - CATALOGING SOURCE
Transcribing agency DCL
082 ## - DEWEY DECIMAL CLASSIFICATION NUMBER
Classification number ၂၉၄.၃၈၂၄
100 0# - MAIN ENTRY--PERSONAL NAME
Personal name ပညာနန္ဒ၊
Titles and words associated with a name အရှင်။
245 10 - TITLE STATEMENT
Title သင်နည်းသစ်အဘိဓမ္မာ၊
Number of part/section of a work ဝီထိ-ဝီထိမုတ်-ရုပ် (ဒုတိယဆင့်) /
Statement of responsibility, etc. စုစည်းစီစဉ်ပူဇော်သူ အရှင်ပညာနန္ဒ။
264 ## - PRODUCTION, PUBLICATION, DISTRIBUTION, MANUFACTURE, AND COPYRIGHT NOTICE
Place of production, publication, distribution, manufacture [နေရာမပါ] ၊
Name of producer, publisher, distributor, manufacturer [ထုတ်ဝေသူမပါ]၊
Date of production, publication, distribution, manufacture, or copyright notice ၂၀၁၇။
300 ## - PHYSICAL DESCRIPTION
Extent ၁၆၂ စာမျက်နှာ ၊
Dimensions ၂၁ စင်တီ။
500 ## - GENERAL NOTE
General note ဘဒ္ဒန္တခေမာစာရ အဂ္ဂမဟာပဏ္ဍိတ ၏ သက်တော်(၆၆) နှစ်ပြည့် အမှတ်တရ။ DVD-Rom (1) ချပ်ပါဝင်သည်။
650 ## - SUBJECT ADDED ENTRY--TOPICAL TERM
Topical term or geographic name entry element အဘိဓမ္မာ။
650 ## - SUBJECT ADDED ENTRY--TOPICAL TERM
Topical term or geographic name entry element အဘိဓမ္မာ
General subdivision အမေး-အဖြေ။
942 ## - ADDED ENTRY ELEMENTS (KOHA)
Source of classification or shelving scheme Dewey Decimal Classification
Koha item type Short Term
Suppress in OPAC No
Holdings
Withdrawn status Lost status Source of classification or shelving scheme Damaged status Not for loan Collection Accession No. Home library Current library Shelving location Date acquired Total checkouts Full call number Barcode Date last seen Price effective from Koha item type
    Dewey Decimal Classification     Myanmar Collection ၆၅၁၉ Dhammadhara Dhammadhara Myanmar Shelves 15/12/2025   ၂၉၄.၃၈၂၄ ပဉ် ၆၅၁၉ MB00006519 15/12/2025 15/12/2025 Short Term